000 00754nam a2200277Ia 4500
003 OSt
005 20220918174440.0
006 a|||||r|||| 00| 0
007 ta
008 220917b |||||||| |||| 00| 0 eng d
024 _a12,248
037 _cTextual
040 _aARTS
_cARTS
_beng
041 _2eng
_aeng
082 _aO111,3M04:g, N0
100 _aCady Edwin H.
_950554
245 0 _aOn Hawthorne
260 _aDurham
_bDuke Univ Press
_c1990
300 _ax,281p.
_ccm.
490 _aBest from American literature
500 _aIncludes index
650 _aAMERICAN LITERATURE
700 _a Budo Louis J.
_950555
942 _hO111,3M04:g, N0
_cTEXL
_2CC
999 _c153271
_d153271